书目信息 |
| 题名: |
传说中国
|
|
| 作者: | 蔡践 主编 | |
| 分册: | 高僧 | |
| 出版信息: | 北京 金城出版社 2007 |
|
| 页数: | 329页 | |
| 开本: | 25cm | |
| 丛书名: | ||
| 单 册: | ||
| 中图分类: | K820.2 , B949.92 | |
| 科图分类: | ||
| 主题词: | 历史人物--生平事迹--中国--古代 , 僧侣--生平事迹--中国--古代 , 历史人物 , 僧侣 | |
| 电子资源: | ||
| ISBN: | 978-7-80084-919-0 | |
| 000 | 01082nam0 2200277 45 | |
| 001 | 1050799000 | |
| 005 | 20100419103053.53 | |
| 010 | @a978-7-80084-919-0@dCNY38.00 | |
| 100 | @a20100408d2007 em y0chiy0110 ea | |
| 101 | 0 | @achi |
| 102 | @aCN@b110000 | |
| 105 | @aa z 000yd | |
| 106 | @ar | |
| 200 | 1 | @a传说中国@AChuan Shuo Zhong Guo@e人物主线图文版@ERen Wu Zhu Xian Tu Wen Ban@i高僧@IGao Seng@f蔡践主编@FCai Jian Zhu Bian |
| 210 | @a北京@c金城出版社@d2007 | |
| 215 | @a329页@c图@d25cm | |
| 330 | @a本书集有许多著名出家僧人的传说,讲述了历史上最有影响的佛门传奇故事。如禅宗初祖达摩“一苇渡江”的神秘,东土二祖慧可“断臂立雪,舍身求佛”的虔诚,吉藏“辩五众论师,名震京华”的犀利,玄奘“西天取经”的刚毅,鉴真六次“东渡”的执着等等。阅读本书可使我们更全面、更深入地了解佛教历史。 | |
| 606 | 0 | @a历史人物@x生平事迹@y中国@z古代 |
| 606 | 0 | @a僧侣@x生平事迹@y中国@z古代 |
| 606 | 0 | @a历史人物 |
| 606 | 0 | @a僧侣 |
| 690 | @aK820.2@v4 | |
| 690 | @aB949.92@v4 | |
| 701 | 0 | @a蔡践@ACai Jian@4主编 |
| 801 | 0 | @aCN@bTANGWEI@c20100419 |
| 905 | @b0590586-90@dK820.2@e116:3@f5 | |
| 传说中国:人物主线图文版.高僧/蔡践主编.-北京:金城出版社,2007 |
| 329页:图;25cm |
| ISBN 978-7-80084-919-0:CNY38.00 |
| 本书集有许多著名出家僧人的传说,讲述了历史上最有影响的佛门传奇故事。如禅宗初祖达摩“一苇渡江”的神秘,东土二祖慧可“断臂立雪,舍身求佛”的虔诚,吉藏“辩五众论师,名震京华”的犀利,玄奘“西天取经”的刚毅,鉴真六次“东渡”的执着等等。阅读本书可使我们更全面、更深入地了解佛教历史。 |
| ● |
| 相关链接 |
|
|
|
|
正题名:传说中国
索取号:K820.2/116:3
 
预约/预借
| 序号 | 登录号 | 条形码 | 馆藏地/架位号 | 状态 | 备注 |
| 1 | 0590586 | 205905868 | 第二样本阅览室/ [索取号:K820.2/116:3] | 在馆 | |
| 2 | 0590587 | 205905877 | 第二借阅区/ [索取号:K820.2/116:3] | 在馆 | |
| 3 | 0590588 | 205905886 | 第二借阅区/ [索取号:K820.2/116:3] | 在馆 | |
| 4 | 0590589 | 205905895 | 第二借阅区/ [索取号:K820.2/116:3] | 在馆 | |
| 5 | 0590590 | 205905902 | 第二借阅区/ [索取号:K820.2/116:3] | 在馆 |